000 00184nam a2200085Ia 4500
008 250605s9999 xx 000 0 und d
041 _aeng
100 _aArun Gulati
245 _aHelloTravel
999 _c44725
_d44725